000 00283nam a22001337a 4500
008 181024b xxu||||| |||| 00| 0 eng d
020 _a9780697261861
041 _aeng
080 _22nd
_a579
100 _a11
101 _aMIK
245 _aMicrobiology
_cLim,D
942 _2udc
_cBK
999 _c50811
_d50811